SNPs rs471462296, rs456245081 and rs438495570 in the 5’UTR region of DGAT1 gene in Nelore (Registro n. 328405)
[ somente texto ]
| 000 -LÍDER | |
|---|---|
| fixed length control field | 02160nab a2200349 i 4500 |
| 003 - CÓDIGO MARC DA AGÊNCIA CATALOGADORA | |
| Campo de controle | BR-BrBNA |
| 005 - DATA E HORA DA ÚLTIMA ATUALIZAÇÃO | |
| Campo de controle | 20241104133039.0 |
| 008 - CAMPO DE TAMANHO FIXO | |
| fixed length control field | 241104b2019 bl.|r|pooa||| 00| 0 eng | |
| 040 ## - FONTE DA CATALOGAÇÃO | |
| Agência catalogadora | BR-BrBNA |
| Idioma da catalogação | eng |
| 072 ## - CATEGORIA AGRIS | |
| Código AGRIS | L10 |
| Código do objeto | 5213 |
| 100 ## - ENTRADA PRINCIPAL - NOME PESSOAL | |
| Nome pessoal | Freire, K.M.B. |
| 100 ## - ENTRADA PRINCIPAL - NOME PESSOAL | |
| Nome pessoal | Silva, C.C. |
| 100 ## - ENTRADA PRINCIPAL - NOME PESSOAL | |
| Nome pessoal | Duarte, S.S.M. |
| 100 ## - ENTRADA PRINCIPAL - NOME PESSOAL | |
| Nome pessoal | Teodoro, L.S. |
| 100 ## - ENTRADA PRINCIPAL - NOME PESSOAL | |
| Nome pessoal | Costa, E.O.A. |
| 100 ## - ENTRADA PRINCIPAL - NOME PESSOAL | |
| Nome pessoal | Silva, D.C. |
| 100 ## - ENTRADA PRINCIPAL - NOME PESSOAL | |
| Nome pessoal | Godoy, F.R. |
| 100 ## - ENTRADA PRINCIPAL - NOME PESSOAL | |
| Nome pessoal | Cruz, A.D. da |
| 100 ## - ENTRADA PRINCIPAL - NOME PESSOAL | |
| Nome pessoal | Cruz, A.S. da |
| 245 ## - TÍTULO PRINCIPAL | |
| Título principal | SNPs rs471462296, rs456245081 and rs438495570 in the 5’UTR region of DGAT1 gene in Nelore |
| 500 ## - NOTA GERAL | |
| Nota geral | <br/>Publicação online; 7 ref.; Summaries (En, Pt) |
| 942 ## - ADDED ENTRY ELEMENTS (KOHA) | |
| Koha item type | Analítica |
| 520 ## - NOTA DE RESUMO | |
| Nota de conteúdo | <br/><br/>RESUMO - O objetivo desta pesquisa foi avaliar os SNPs rs471462296, rs456245081 e rs438495570 do gene DGAT1 em bovinos Nelore. Foram analisados 109 bovinos. A extração do DNA genômico foi realizada do sangue dos animais, usando-se o kit Ilustra Blood Genomic Prep Mini Spin® (GE Healthcare, UK). A concentração e o grau de pureza do DNA foram determinados por meio de espectrofotômetro (Nanodrop - Thermo Fisher Scientifc, USA). A genotipagem dos SNPs ocorreu mediante o emprego do ensaio Taqman® (Applied Biosystems, USA). Na análise genômica, não foram encontradas alterações nas frequências alélicas e genotípicas (P≥0,05) para os SNPs testados. Dessa forma, a região 5’UTR analisada apresentou-se monomórfica e a variação de SNPs não foi observada, o que limita seu uso como marcadores moleculares para o gene DGAT1 em Nelore.<br/><br/><br/>Palavras-chave: bovino, fenótipo, genótipo, seleção |
| 650 ## - ASSUNTO - THESAGRO | |
| Cabeçalho tópico ou nome geográfico | GADO NELORE |
| 650 ## - ASSUNTO - THESAGRO | |
| Cabeçalho tópico ou nome geográfico | CARACTERÍSITICAS AGRONÔMICAS |
| 650 ## - ASSUNTO - THESAGRO | |
| Cabeçalho tópico ou nome geográfico | GENÓTIPO |
| 650 ## - ASSUNTO - THESAGRO | |
| Cabeçalho tópico ou nome geográfico | SELEÇÃO |
| 650 ## - ASSUNTO - THESAGRO | |
| Cabeçalho tópico ou nome geográfico | MARCADOR MOLECULAR |
| 773 0# - ENTRADA ANALÍTICA | |
| Host Biblionumber | 1643 |
| Registro do item | 345608 |
| Imprenta | Belo Horizonte-MG Universidade Federal de Minas Gerais - Escola de Veterinaria 1983 |
| Outro identificador | 2024-6240 |
| Título | Arquivo Brasileiro de Medicina Veterinária e Zootecnia (Brazil) |
| ISSN | 0102-0935 |
| Colação | v. 71(2) p. 720-721; (2019) |
| Número de controle de registro | BR2024003133 |
| 856 ## - ACESSO E ENDEREÇO ELETRÔNICO | |
| Identificador uniforme de recurso - URI | https://www.scielo.br/j/abmvz/a/DpCtqLF6qHRTzCZZFqX6gFF/?format=pdf&lang=en |
Nenhum exemplar disponível.

BINAGRI